000 nam a22 a 4500
999 _c2314
_d2314
003 AKMAL
005 20170516093317.0
008 170516s1982 xxk 00 eng d
020 _a0669970972
040 _aAKMAL
_cAKMAL
082 0 4 _a428 CHR
090 _a428
_bCHR d
100 1 _aChrist, Henry I.
_94829
245 1 _aModern English in action /
_cHenry I. Christ
250 _aTeacher's ed.
300 _a499p. :
_bill. ;
_c24cm.
650 _aEnglish language
_xUsage
_94830
650 _aEnglish language
_xStudy and teaching
_94831
942 _2ddc
_cBOOK